The Originals - Tous les personnages - Statistiques

Statistiques générales
  • Ce quiz a été pris 873 fois
  • Le résultat moyen est 20 sur 84
Statistiques - réponses
Réponse % Correct
Klaus Mikaelson
92%
Elijah Mikaelson
89%
Rebekah Mikaelson
87%
Kol Mikaelson
84%
Hope Mikaelson
83%
Finn Mikaelson
81%
Freya Mikaelson
80%
Mikael Mikaelson
73%
Esther Mikaelson
72%
Davina Claire
67%
Marcel Gerard
65%
Henrik Mikaelson
49%
Camille O'Connell
43%
Caroline Forbes
40%
Dahlia
40%
Stefan Salvatore
39%
Aurora de Martel
34%
Sophie Deveraux
33%
Vincent Griffith
33%
Jackson Kenner
31%
Hayley Marshall-Kenner
30%
Monique Deveraux
30%
Tristan De Martel
30%
Alaric Saltzman
28%
Kieran O'Connell
28%
Lucien Castle
28%
Josie Saltzman
23%
Genevieve
22%
Lizzie Saltzman
22%
Sean O'Connell
22%
Aiden
21%
Gia
21%
Jane Anne Deveraux
21%
Tatia
21%
Tyler Lockwood
21%
Keelin
20%
Diego
19%
Agnes
18%
Antoinette
18%
Inadu
18%
Celeste Dubois
17%
Joshua Rosza
17%
Declan
16%
Roman
16%
Matt Donovan
15%
Oliver
13%
Lenore
12%
Lisina
10%
Papa Tunde
10%
Ansel
9%
Eva Sinclaire
9%
Mary Dumas
9%
Bastianna
8%
Greta Sienna
8%
Landon Kirby
8%
Thierry Vanchure
8%
Aya al-Rashid
7%
Cassie
7%
Josephine LaRue
7%
Rayna Cruz
7%
Sabine Laurent
7%
Francesca Guerrera
6%
Ivy
6%
Eve
5%
Henry
5%
Sofya Voronova
5%
Van Nguyen
5%
Will Kinney
5%
Adam Folsom
4%
Dominic
4%
Dorian Williams
4%
Gaspar Cortez
3%
Kara Nguyen
3%
Katie
3%
Maxine Folsom
3%
Shen Min
3%
Timothy
3%
Alexis
2%
Allistair Duquesne
2%
Ariane
2%
Auguste Mûller
2%
Emil
1%
Joe Dalton
1%
Mohinder
1%
Aucun quiz correspondant
Distribution des résultats
% des personnes avec chaque résultat
Percentile par nombre de réponses
Votre historique - résultats
Vous n’avez pas pris ce quiz